000
00278nam a22001337a 4500
020
_a
978-81-89988-54-8
041
_a
ENG
100
_a
Kiran Bedi
245
_a
I Dare
260
_a
India
_b
Hay House India
_c
2011
300
_a
378
650
_a
Marathi
856
_u
Marathi ( 33 )
999
_c
2245
_d
2245